书目信息 |
| 题名: |
大学——青年素质文摘
|
|
| 作者: | 解思忠, 主编 | |
| 分册: | 第1辑 | |
| 出版信息: | 北京 中国言实出版社 2002.08 |
|
| 页数: | 209页 | |
| 开本: | 20cm | |
| 丛书名: | ||
| 单 册: | ||
| 中图分类: | G640-55 | |
| 科图分类: | ||
| 主题词: | 大学生--da xue sheng--素质教育--丛刊 | |
| 电子资源: | ||
| ISBN: | 7-80128-386-4 | |
| 000 | 00841nam0 2200217 450 | |
| 001 | 012007875964 | |
| 005 | 20070924101510.37 | |
| 010 | @a7-80128-386-4@dCNY10.00 | |
| 100 | @a20070819d2002 km y0chiy0120 ea | |
| 101 | 0 | @achi |
| 102 | @aCN@b110000 | |
| 105 | @ay z 000yy | |
| 200 | 1 | @a大学——青年素质文摘@Ada xue——qing nian su zhi wen zhai@h第1辑@f解思忠主编@Fxie si zhong zhu bian |
| 210 | @a北京@c中国言实出版社@d2002.08 | |
| 215 | @a209页@d20cm | |
| 330 | @a本书面向大学生和其他青年群体。每季一辑,每辑约收近百篇文章,按素质分类分别编入“人格课”、“精神课”、“文化课”、“科学课”、“职业课”、“健康课”和“审美课”,内容尽量涵盖素质的各个方面。 | |
| 606 | 0 | @a大学生@Ada xue sheng@x素质教育@j丛刊 |
| 690 | @aG640-55@v4 | |
| 701 | 0 | @a解思忠,@Axie si zhong@f1946- @4主编 |
| 801 | 0 | @aCN@c20070924 |
| 905 | @dG640-55@eX503:1 | |
| 大学——青年素质文摘.第1辑/解思忠主编.-北京:中国言实出版社,2002.08 |
| 209页;20cm |
| ISBN 7-80128-386-4:CNY10.00 |
| 本书面向大学生和其他青年群体。每季一辑,每辑约收近百篇文章,按素质分类分别编入“人格课”、“精神课”、“文化课”、“科学课”、“职业课”、“健康课”和“审美课”,内容尽量涵盖素质的各个方面。 |
| ● |
| 相关链接 |
|
|
|
正题名:大学——青年素质文摘
索取号:G640-55/X503:1
 
预约/预借
| 序号 | 登录号 | 条形码 | 馆藏地/架位号 | 状态 | 备注 |
| 1 | 259708 | 202597083 | 社科库409/409社科库 10排1列1层/ [索取号:G640-55/X503:1] | 在馆 | |
| 2 | 259709 | 202597092 | 社科库409/409社科库 10排1列1层/ [索取号:G640-55/X503:1] | 在馆 |